<?xml version="1.0" encoding="UTF-8"?>
<marc:record xmlns:marc="http://www.loc.gov/MARC21/slim">
   <marc:leader>00000nam a2200000 a 4500</marc:leader>
   <marc:datafield ind1="1" ind2=" " tag="100">
      <marc:subfield code="a">Funnell, Pippa</marc:subfield>
      <marc:subfield code="4">aut</marc:subfield>
      <marc:subfield code="e">Verfasser/-in</marc:subfield>
   </marc:datafield>
   <marc:datafield ind1="1" ind2=" " tag="100">
      <marc:subfield code="a">Vogel, Heike</marc:subfield>
      <marc:subfield code="4">ill</marc:subfield>
      <marc:subfield code="e">Illustrator/-in</marc:subfield>
   </marc:datafield>
   <marc:datafield ind1="0" ind2="0" tag="245">
      <marc:subfield code="a">Die Pferdeflüsterin</marc:subfield>
   </marc:datafield>
   <marc:datafield ind1="0" ind2="0" tag="245">
      <marc:subfield code="c">Pippa Funnell. Aus dem Engl. von Anne Braun</marc:subfield>
   </marc:datafield>
   <marc:datafield ind1=" " ind2="1" tag="264">
      <marc:subfield code="a">Hamburg</marc:subfield>
      <marc:subfield code="b">Oetinger-Taschenbuch</marc:subfield>
      <marc:subfield code="c">2013</marc:subfield>
   </marc:datafield>
   <marc:datafield ind1="1" ind2=" " tag="490">
      <marc:subfield code="a">Oetinger-Taschenbuch</marc:subfield>
      <marc:subfield code="v">201</marc:subfield>
   </marc:datafield>
   <marc:datafield ind1=" " ind2=" " tag="250">
      <marc:subfield code="a">1. Aufl.</marc:subfield>
   </marc:datafield>
   <marc:datafield ind1="1" ind2=" " tag="520">
      <marc:subfield code="a">Angaben aus der Verlagsmeldung

Die Pferdeflüsterin - Ein Pony für Lilli Tilly's Pony Tails - Rosie the perfect pony/Samson the stallion / von Pippa Funnell

- Die Pferdeflüsterin – Ein Pferd für zwei (Band 3):
Wunderbare Pferdegeschichten – Hier trifft Erzähltalent auf Fachwissen

Lilli ist überglücklich, dass sie so viel Zeit auf der Silver Shoe Farm verbringen kann. Beim Reitenlernen macht sie große Fortschritte und ihre besonderen Fähigkeiten im Umgang mit Pferden sorgen für Verblüffung und Begeisterung auf dem Reiterhof. Lillis größter Wunsch ist es, ein eigenes Pferd zu haben. Da erzählt ihre Freundin Mia ihr eine spannende Neuigkeit.

- Die Pferdeflüsterin – Das Pony-Paradies (Band 4):

Lilli kann ihr Glück kaum fassen. Zusammen mit Mia darf sie an einem Ausflug zu einer großen Pferdeshow in London teilnehmen! Als Lilli sogar eine Führung hinter die Kulissen gewinnt, trifft sie dort auf Samson, ein sehr nervöses Springpferd, das sich von niemandem beruhigen lässt. Ob Lilli Samson mit ihrer außergewöhnlichen Gabe helfen kann?
</marc:subfield>
   </marc:datafield>
   <marc:datafield ind1=" " ind2=" " tag="020">
      <marc:subfield code="a">9783841502018</marc:subfield>
      <marc:subfield code="9">9783841502018</marc:subfield>
   </marc:datafield>
   <marc:datafield ind1=" " ind2=" " tag="041">
      <marc:subfield code="a">ger</marc:subfield>
   </marc:datafield>
   <marc:datafield ind1=" " ind2=" " tag="300">
      <marc:subfield code="a">248 S.</marc:subfield>
   </marc:datafield>
</marc:record>
